[Event "7th UI&UL GM"]
[Site "Dhaka BAN"]
[Date "2005.04.08"]
[Round "5"]
[White "Shamima,A"]
[Black "Hasan Md,E"]
[Result "0-1"]
[WhiteElo "2061"]
[BlackElo "2162"]

1.d4 Nf6 2.c4 g6 3.Nc3 Bg7 4.e4 d6 5.Nf3 O-O 6.Be2 e5 7.O-O Nc6 8.d5 Ne7
9.b4 a5 10.Ba3 Nh5 11.bxa5 Rxa5 12.Bb4 Ra8 13.c5 dxc5 14.Bxc5 b6 15.Bb4 Nf4
16.Bc4 Bg4 17.Nb5 Kh8 18.Qb3 f5 19.d6 Nc6 20.dxc7 Qf6 21.Bxf8 Rxf8 22.Rad1 Na5
23.Rd6 Qe7 24.Qc3 Nxc4 25.Rc6 Ne2+ 26.Kh1 Nxc3 27.exf5 Ne4  0-1

[Event "ch-VIE Prelim"]
[Site "Hue VIE"]
[Date "2005.04.09"]
[Round "9"]
[White "Nguyen Anh Dung"]
[Black "Bui Vinh"]
[Result "0-1"]
[WhiteElo "2561"]
[BlackElo "2467"]

1.d4 Nf6 2.Nf3 g6 3.c4 Bg7 4.Nc3 O-O 5.e4 d6 6.Be2 e5 7.O-O Nc6 8.d5 Ne7
9.b4 Nh5 10.Re1 f5 11.Nd2 Nf4 12.Bf1 g5 13.c5 g4 14.Ba3 Rf6 15.g3 Nh3+ 16.Bxh3 gxh3
17.b5 b6 18.cxd6 cxd6 19.Nc4 Rg6 20.Qd3 fxe4 21.Nxe4 Nf5 22.Ne3 Nd4 23.Nc2 Nf5
24.Ne3 Nd4 25.Nc2 Nf5 26.Nb4 Qf8 27.Nc6 a6 28.Bb4 axb5 29.a3 Kh8 30.f3 Bd7
31.Rac1 Re8 32.Rc3 Qf7 33.Rf1 Bf8 34.Rf2 Qg7 35.Qxb5 Nxg3 36.hxg3 Rxg3+ 37.Nxg3 Qxg3+
38.Kf1 h2 39.Rxh2 Qxh2 40.Qxb6 Bh3+ 41.Ke1 Qh1+ 42.Kd2 Bh6+ 43.Kc2 Qc1+ 44.Kb3 Qd1+
45.Kb2 Bf5 46.a4 Qb1+ 47.Ka3 Bc1+ 48.Rxc1 Qxc1+ 49.Kb3 Bc2+  0-1

[Event "ch-UKR w u20"]
[Site "Kharkiv UKR"]
[Date "2005.04.27"]
[Round "9"]
[White "Ostroverkhova,E"]
[Black "Berdiugina,E"]
[Result "1/2-1/2"]
[WhiteElo "2074"]
[BlackElo "2123"]

1.Nf3 g6 2.c4 Bg7 3.Nc3 d6 4.d4 Nf6 5.e4 O-O 6.Be2 e5 7.O-O Nc6 8.d5 Ne7
9.Ne1 Ne8 10.f4 f5 11.exf5 gxf5 12.fxe5 dxe5 13.Bg5 Nf6 14.Qd2 f4 15.Bd3 Bf5
16.Qc2 Qd7 17.Bxf6 Rxf6 18.Nf3 Rg6 19.Rae1 Bxd3 20.Qxd3 Qg4 21.Rf2 Nf5 22.Nxe5 Bxe5
23.Rxe5 Ne3 24.Qe4 Rf8 25.Re8 Rxe8 26.Qxe8+ Kg7 27.Qe5+ Kh6 28.Qe4 Rf6 29.Ne2 Qf5
30.Qxf5 Rxf5 31.Rxf4 Rxf4 32.Nxf4 Nxc4 33.Ne6 c6 34.b3 Nd6 35.dxc6 bxc6 36.Kf2 Kg6
37.Ke3 Kf6 38.Nd4 c5 39.Nc6 Nc8 40.Ke4 Ke6 41.Nd8+ Kd7 42.Nf7 Ke7 43.Ng5 h6
44.Nh3 Kd6 45.Nf2 Ke6 46.Kd3 Nb6 47.Ne4 Kd5 48.Nf6+ Ke6 49.Ng4 h5 50.Ne3 Ke5
51.Nc4+ Nxc4 52.Kxc4 Ke4 53.Kxc5 Ke3 54.b4 Kf2 55.g3 Kg2 56.Kc6 Kxh2 57.Kb7 Kxg3
58.Kxa7 h4 59.b5 h3 60.b6 h2 61.b7 h1=Q 62.b8=Q+ Kf2 63.Qf4+ Ke2 64.Qe5+ Kd3
65.Qb5+ Kd4 66.a4 Qh7+ 67.Qb7 Qf5 68.Qb6+ Kc4 69.a5 Qd7+ 70.Kb8 Qe8+ 71.Kb7 Qd7+
72.Ka6 Qc8+ 73.Qb7 Qe6+ 74.Ka7 Qe3+ 75.Qb6 Qe7+ 76.Ka6 Qe8 77.Qc7+ Kb4 78.Qb6+ Ka4
79.Qd4+ Ka3 80.Qc3+ Ka4 81.Qa1+ Kb4 82.Qb2+ Ka4  1/2-1/2

[Event "23rd Liechtenstein Open"]
[Site "Triesen LIE"]
[Date "2005.04.29"]
[Round "1"]
[White "Wiedermann,F"]
[Black "Kritz,L"]
[Result "0-1"]
[WhiteElo "2083"]
[BlackElo "2549"]

1.d4 Nf6 2.c4 g6 3.Nc3 Bg7 4.e4 O-O 5.Be2 d6 6.Nf3 Nc6 7.O-O e5 8.d5 Ne7
9.b4 a5 10.bxa5 c5 11.dxc6 Nxc6 12.a6 bxa6 13.Rb1 Be6 14.Be3 Rc8 15.Bb6 Qd7
16.c5 Nb8 17.Rc1 dxc5 18.Nxe5 Qb7 19.Na4 Nxe4 20.Nc4 Qe7 21.Bd3 Nf6 22.Re1 Nfd7
23.Ba5 Nc6 24.Nab6 Nxb6 25.Bxb6 Nb4 26.Bb1 Bd4 27.Ne3 Qg5 28.a3 Nd5 29.Nxd5 Bxd5
30.Be4 Bxe4 31.Rxe4 Qf6  0-1

[Event "Open A"]
[Site "Djakovo CRO"]
[Date "2005.05.02"]
[Round "2"]
[White "Brumen,D"]
[Black "Armanda,I"]
[Result "1-0"]
[WhiteElo "2385"]
[BlackElo "2340"]

1.d4 Nf6 2.c4 g6 3.Nc3 Bg7 4.e4 d6 5.Nf3 O-O 6.Be2 e5 7.O-O Nc6 8.d5 Ne7
9.b4 Nh5 10.Re1 f5 11.Ng5 Nf6 12.Bf3 h6 13.Ne6 Bxe6 14.dxe6 c6 15.Qb3 fxe4
16.Nxe4 Nxe4 17.Bxe4 d5 18.cxd5 cxd5 19.Rd1 Qb6 20.Be3 d4 21.Bd2 Kh7 22.a4 Rf6
23.a5 Qb5 24.Qh3 Nf5 25.Rac1 Rxe6 26.g4 Nd6 27.Rc7 Kg8 28.g5 Qe8 29.gxh6 Bf6
30.Bd5 Nf5 31.Qg4 Kh8 32.Bxe6 Qxe6 33.Rdc1 Rf8 34.Rxb7 Bd8 35.Rb8 Qd5 36.Rcc8 Nh4
37.Qxh4 Qf3 38.Rxd8 Qd1+ 39.Be1  1-0

[Event "62nd ch-POL"]
[Site "Poznan POL"]
[Date "2005.05.02"]
[Round "11"]
[White "Urban,K"]
[Black "Socko,B"]
[Result "0-1"]
[WhiteElo "2497"]
[BlackElo "2583"]

1.d4 Nf6 2.c4 g6 3.Nc3 Bg7 4.e4 d6 5.Be2 O-O 6.Nf3 e5 7.O-O Nc6 8.dxe5 Nxe5
9.Be3 Nfg4 10.Bd2 Nxf3+ 11.Bxf3 Qh4 12.Bxg4 Bxg4 13.Qc1 Be5 14.f4 Bg7 15.f5 gxf5
16.exf5 Rae8 17.Nd5 Bd4+ 18.Kh1 Re2 19.Nf4 Rfe8 20.Be1 Qf6 21.Bc3 Bxc3 22.bxc3 R2e5
23.Nd5 Qh4 24.Qf4 Rxf5 25.Qd4 Rxf1+ 26.Rxf1 Re1 27.Nf6+ Kf8 28.Kg1 c5 29.Qxd6+ Kg7
30.Nxg4 Rxf1+ 31.Kxf1 Qxg4 32.Qxc5 Qd1+ 33.Kf2 Qc2+ 34.Kf3 Qxc3+ 35.Qe3 Qxc4
36.Qxa7 Qd5+ 37.Kf2 b5 38.Qa5 Qf5+ 39.Ke3 Qe5+ 40.Kf3 Qh5+ 41.Kg3 Qe5+ 42.Kf3 Qd5+
43.Kf2 Kg6 44.h3 Kf5 45.a3 Qd4+ 46.Kf3 Qf4+ 47.Ke2 Qc4+ 48.Kf2 Ke4 49.g4 Kd3
50.Kg3 Kc2 51.Kh4 Kb3 52.Kg5 Qa4 53.Qc7 Kxa3 54.Qxf7 b4 55.Qxh7 b3 56.Qd3 Ka2
57.Qd5 Ka3 58.Qd3 Qa5+ 59.Kh6 Qb6+ 60.Kh7 Qc7+ 61.Kg8 Qc8+ 62.Kf7 Qc7+ 63.Kf6 Qc6+
64.Kf7 Ka2 65.g5 b2 66.Qd2 Qc4+ 67.Kf8 Qc5+ 68.Kf7 Ka1  0-1

[Event "10th Cvitanovic Mem"]
[Site "Split CRO"]
[Date "2005.05.04"]
[Round "5"]
[White "Bosiocic,Mari"]
[Black "Plenkovic,Z"]
[Result "1/2-1/2"]
[WhiteElo "2345"]
[BlackElo "2302"]

1.d4 Nf6 2.Nf3 g6 3.c4 Bg7 4.Nc3 O-O 5.e4 d6 6.Be2 e5 7.O-O Nc6 8.d5 Ne7
9.b4 c6 10.Nd2 a5 11.bxa5 c5 12.Nb3 Nd7 13.Nb5 Ra6 14.Be3 f5 15.f3 Nf6 16.Qc2 f4
17.Bf2 g5 18.Nxd6 Rxd6 19.Bxc5 Ra6 20.Bb6 Rxb6 21.axb6 Qxb6+ 22.c5 Qa7 23.Qc4 Kh8
24.Qb5 g4 25.Qb6 Qa3 26.Qa5 Qxa5 27.Nxa5 Nexd5 28.exd5 Nxd5 29.Nc4 e4 30.fxe4 Bxa1
31.Rxa1 Nc3 32.Bd3 Na4 33.Nd6 Nxc5 34.Bc4 Bd7 35.Bd5 Nd3 36.Rd1 Ne5 37.Bxb7 f3
38.Rd5 f2+ 39.Kf1 g3 40.hxg3 Ng4 41.Nf5 Be6 42.Rd4 h5 43.a4 Rf7 44.Ba6 Rc7
45.Be2 Rc1+ 46.Rd1 Rc2 47.Nd4 Ne3+ 48.Kxf2 Nxd1+ 49.Ke1 Ra2 50.Bxd1 Bg4 51.Bc2 Bd7
52.Bd1 Be8 53.g4 Bxa4 54.Be2 hxg4 55.Bxg4 Rxg2 56.Be2 Kg7 57.Kf1 Rh2 58.Kg1 Rh3
59.Kg2 Ra3 60.e5 Kg6 61.Bf3 Kg5 62.Kg3 Be8 63.Ne6+ Kg6 64.Kf4 Ra4+ 65.Ke3 Kf7
66.Nc5 Ra5 67.Kd4 Ke7 68.Be4 Ra1 69.Bc2 Bc6 70.Be4 Rd1+ 71.Bd3 Bh1 72.Ke3 Re1+
73.Kd4 Rd1 74.Ke3  1/2-1/2

[Event "10th Cvitanovic Mem"]
[Site "Split CRO"]
[Date "2005.05.05"]
[Round "6"]
[White "Bosiocic,Mari"]
[Black "Saric,Iv"]
[Result "1-0"]
[WhiteElo "2345"]
[BlackElo "2287"]

1.d4 Nf6 2.Nf3 g6 3.c4 Bg7 4.Nc3 O-O 5.e4 d6 6.Be2 e5 7.O-O Nc6 8.d5 Ne7
9.b4 Nh5 10.Re1 f5 11.Ng5 Nf6 12.Bf3 c6 13.Be3 cxd5 14.cxd5 h6 15.Ne6 Bxe6
16.dxe6 fxe4 17.Nxe4 Nxe4 18.Bxe4 d5 19.Bc2 b6 20.Qg4 e4 21.Rad1 Qc7 22.Bb3 Rf5
23.b5 Raf8 24.Re2 Qc8 25.Bc1 h5 26.Qh4 Bf6 27.Qh3 Kh7 28.Ba3 Qxe6 29.g3 Rd8
30.f3 Qc8 31.Rc2 Qb8 32.f4 d4 33.Re2 e3 34.Bc2 Rxb5 35.Qe6 Ng8 36.Qf7+ Kh8
37.Bxg6 Bg7 38.Bd3 Rc5 39.Bxc5 bxc5 40.Qxh5+ Nh6 41.Qxc5 Rc8 42.Qd5 Rc3 43.Qe4 Kg8
44.Rb1 Qc8 45.Reb2 Rc1+ 46.Kg2 Rxb1 47.Rxb1 e2 48.Qxe2 Ng4 49.Qe4 Ne3+ 50.Kh1  1-0

[Event "Open A"]
[Site "Djakovo CRO"]
[Date "2005.05.06"]
[Round "8"]
[White "Jankovic,A"]
[Black "Cvitan,O"]
[Result "1/2-1/2"]
[WhiteElo "2480"]
[BlackElo "2481"]

1.d4 Nf6 2.c4 g6 3.Nc3 Bg7 4.e4 d6 5.Nf3 O-O 6.Be2 e5 7.O-O Nc6 8.d5 Ne7
9.b4 Nh5 10.Re1 a5 11.bxa5 f5 12.Nd2 Nf6 13.c5 Rxa5 14.cxd6  1/2-1/2

[Event "ch-FRA National 1"]
[Site "Lille FRA"]
[Date "2005.05.06"]
[Round "9"]
[White "Karr,JP"]
[Black "Alanic,X"]
[Result "0-1"]
[WhiteElo "2357"]
[BlackElo "2250"]

1.d4 g6 2.c4 Nf6 3.Nc3 Bg7 4.e4 d6 5.Nf3 O-O 6.Be2 e5 7.O-O Nc6 8.d5 Ne7
9.b4 a5 10.Ba3 axb4 11.Bxb4 Nd7 12.a4 f5 13.Nd2 Nf6 14.c5 Rf7 15.cxd6 cxd6
16.a5 Bf8 17.Nc4 Ne8 18.Nb6 Rb8 19.Nxc8 Nxc8 20.exf5 gxf5 21.f4 Bg7 22.Qc2 exf4
23.Rxf4 Be5 24.Rxf5 Qh4 25.Rxf7 Qxh2+ 26.Kf1 Qh1+ 27.Kf2 Qh4+ 28.Kf1 Kxf7
29.Qf5+ Nf6 30.Rb1 Bd4 31.Bb5 Na7 32.Bxd6 Nxb5 33.Nxb5 Qh1+ 34.Ke2 Re8+ 35.Kd2 Qxg2+
36.Kd3 Qe2+ 37.Kxd4 Re4+ 38.Kc5 Qe3+ 39.Nd4 Qxd4+ 40.Kb5 Qd3+  0-1

[Event "SME Open"]
[Site "Ostrava CZE"]
[Date "2005.05.06"]
[Round "7"]
[White "Gil,K"]
[Black "Tylecek,D"]
[Result "0-1"]
[WhiteElo "2086"]
[BlackElo "2031"]

1.Nf3 Nf6 2.c4 g6 3.Nc3 Bg7 4.e4 d6 5.d4 O-O 6.Be2 e5 7.O-O Nc6 8.d5 Ne7
9.b4 Nd7 10.Ne1 f5 11.f3 Nf6 12.Nd3 a5 13.Be3 axb4 14.Nxb4 f4 15.Bf2 b6 16.a4 Bd7
17.Qb3 Kh8 18.Ra3 g5 19.Rfa1 Ra5 20.Nb5 h5 21.Be1 g4 22.Nd3 Rxb5 23.cxb5 Ng6
24.a5 bxa5 25.Rxa5 Ne8 26.Ra8 Qg5 27.b6 cxb6 28.Qxb6 Nh4 29.Bxh4 Qxh4 30.Qf2 g3
31.hxg3 fxg3 32.Qe3 Qh2+ 33.Kf1 h4 34.Ne1 Bh6 35.R1a2 Bg4 36.Rxe8 Qxg2+ 37.Nxg2 Rxe8
38.Bc4 Bxf3 39.Ra3 Rf8 40.Nf4 Rxf4 41.Ra8+ Bf8  0-1

[Event "CCA-ICC Open"]
[Site "Lake George USA"]
[Date "2005.05.15"]
[Round "8"]
[White "Kiriakov,P"]
[Black "Fernandez,D USA"]
[Result "1-0"]
[WhiteElo "2565"]
[BlackElo "2406"]

1.d4 Nf6 2.c4 g6 3.Nc3 Bg7 4.e4 d6 5.Nf3 O-O 6.Be2 e5 7.O-O Nc6 8.d5 Ne7
9.Ne1 Nd7 10.f3 f5 11.Be3 f4 12.Bf2 g5 13.a4 Ng6 14.a5 h5 15.Nb5 Nf6 16.Nxa7 Bd7
17.c5 g4 18.c6 g3 19.hxg3 fxg3 20.Bxg3 h4 21.Bf2 bxc6 22.Nxc6 Bxc6 23.dxc6 Nh5
24.f4 Nhxf4 25.Bc4+ Kh8 26.Qg4 Qe7 27.a6 Bh6 28.a7 Qh7 29.Ra3 h3 30.g3 Ne7
31.Re3 Rf6 32.Kh1 Rg6 33.Qd7 d5 34.exd5 Nfxd5 35.Rxe5  1-0

[Event "Chigorin CC"]
[Site "St Petersburg RUS"]
[Date "2005.05.21"]
[Round "6"]
[White "Goganov,A"]
[Black "Frolochkin,V"]
[Result "0-1"]
[WhiteElo "2044"]
[BlackElo "2208"]

1.d4 Nf6 2.c4 g6 3.Nc3 Bg7 4.e4 d6 5.Nf3 O-O 6.Be2 e5 7.O-O Nc6 8.d5 Ne7
9.Ne1 Ne8 10.Nd3 f5 11.Bd2 h5 12.f4 exf4 13.Rxf4 Nf6 14.e5 dxe5 15.Nxe5 Nfxd5
16.Nxg6 Nxg6 17.Nxd5 c6 18.Nc3 Bh6 19.g3 Nxf4 20.Bxf4 Bxf4 21.gxf4 Qxd1+
22.Rxd1 Be6 23.Rd6 Kf7 24.Kf2 Ke7 25.c5 Rad8 26.Rxd8 Rxd8 27.Ke3 h4 28.Bf3 Bc4
29.Be2 Bxe2 30.Kxe2 Rg8 31.Nd1 Rg2+ 32.Nf2 Rxh2 33.Kf3 Rxf2+ 34.Kxf2 Ke6
35.b4 Kd5 36.Kf3 Kd4 37.a3 a6 38.a4 Kd3 39.a5 Kd4 40.Kg2 Ke3 41.Kh3 Kxf4
42.Kxh4 Ke3  0-1

[Event "TCh-ROM A"]
[Site "Tusnad ROM"]
[Date "2005.05.21"]
[Round "1"]
[White "Nacu,M"]
[Black "Dumitrescu,D"]
[Result "0-1"]
[WhiteElo "2187"]
[BlackElo "2353"]

1.d4 Nf6 2.c4 g6 3.Nc3 Bg7 4.e4 d6 5.Nf3 O-O 6.Be2 e5 7.O-O Nc6 8.d5 Ne7
9.b4 a5 10.bxa5 Rxa5 11.a4 Nd7 12.Nd2 f5 13.Nb3 Ra8 14.Ba3 b6 15.a5 Nc5 16.Nxc5 bxc5
17.Bb2 fxe4 18.Nxe4 Nf5 19.Ra3 Qh4 20.g3 Qe7 21.Bc1 h6 22.Re1 Nd4 23.Bf1 Qf7
24.Bg2 g5 25.Be3 g4 26.Bxd4 exd4 27.a6 Rxa6 28.Rxa6 Bxa6 29.Qxg4 Bxc4 30.Qe6 Bxd5  0-1

[Event "30th Elekes Mem GM"]
[Site "Budapest HUN"]
[Date "2005.05.22"]
[Round "2"]
[White "Izsak,Gyu"]
[Black "Fogarasi,T"]
[Result "1/2-1/2"]
[WhiteElo "2459"]
[BlackElo "2462"]

1.d4 Nf6 2.c4 g6 3.Nc3 Bg7 4.e4 d6 5.Nf3 O-O 6.Be2 e5 7.O-O Nc6 8.d5 Ne7
9.b4 a5 10.Ba3 b6 11.bxa5 Nh5 12.Bb4 bxa5 13.Ba3 Nf4 14.c5 Nxe2+ 15.Nxe2 f5
16.Nc3  1/2-1/2

[Event "HB Global CC"]
[Site "Minneapolis USA"]
[Date "2005.05.22"]
[Round "9"]
[White "Nagle,S"]
[Black "Mariano,N1"]
[Result "0-1"]
[WhiteElo "2397"]
[BlackElo "2468"]

1.Nf3 Nf6 2.c4 g6 3.Nc3 Bg7 4.e4 d6 5.d4 O-O 6.Be2 e5 7.O-O Nc6 8.d5 Ne7
9.b4 Kh8 10.c5 Neg8 11.Nd2 Ne8 12.Nc4 f5 13.f3 f4 14.Bd2 h5 15.Be1 g5 16.Rc1 Nh6
17.Bf2 g4 18.cxd6 cxd6 19.Nb5 a6 20.Nc3 b5 21.Na5 Qg5 22.Kh1 g3 23.Bg1 Bf6
24.Re1 gxh2 25.Bf2 Rg8 26.Bf1 Bh3 27.Kxh2 Bxg2 28.Be2 h4 29.a4 Bd8 30.axb5 Bb6  0-1

[Event "ch-UKR sf"]
[Site "Alushta UKR"]
[Date "2005.05.23"]
[Round "8"]
[White "Truskavetsky,A"]
[Black "Nechaev,An"]
[Result "1-0"]
[WhiteElo "2374"]
[BlackElo "2393"]

1.d4 g6 2.c4 Bg7 3.Nf3 Nf6 4.Nc3 O-O 5.e4 d6 6.Be2 e5 7.O-O Nc6 8.d5 Ne7
9.b4 Nh5 10.Re1 f5 11.Ng5 Nf4 12.Bxf4 exf4 13.Rc1 Kh8 14.Ne6 Bxe6 15.dxe6 c6
16.Bf3 Be5 17.b5 Qc8 18.bxc6 bxc6 19.exf5 gxf5 20.Rxe5 dxe5 21.Qd6 Qe8 22.Qxe5+ Kg8
23.Qxf4 Ng6 24.Qe3 Rc8 25.Rd1 Rf6 26.Re1 Nf8 27.Qg5+ Rg6 28.Qxf5 Rxe6 29.Ne4 Qg6
30.Bg4 Rb8 31.Qxg6+ Rxg6 32.Bf5 Rg7 33.g3 Rd8 34.h4 Re7 35.h5 Kg7 36.g4 h6
37.Re3 Rd4 38.c5 Nd7 39.Kg2 Nf6 40.f3 Nxe4 41.Bxe4 Rd2+ 42.Kg3 Rxa2 43.Rd3 Rc2
44.Rd6 Rxc5 45.Rg6+ Kf8 46.Rxh6 a5 47.Rh8+ Kg7 48.Ra8 Rc1 49.g5 Rg1+ 50.Kf4 Rh1
51.h6+ Kf7 52.g6+  1-0

[Event "Summer"]
[Site "Alushta UKR"]
[Date "2005.05.25"]
[Round "1"]
[White "Tishin,D"]
[Black "Lahiri,A"]
[Result "0-1"]
[WhiteElo "2355"]
[BlackElo "2355"]

1.d4 Nf6 2.c4 g6 3.Nc3 Bg7 4.e4 d6 5.Nf3 O-O 6.Be2 e5 7.O-O Nc6 8.d5 Ne7
9.b4 Nh5 10.Re1 f5 11.Ng5 Nf6 12.Bf3 c6 13.Qb3 h6 14.Ne6 Bxe6 15.dxe6 Qc8
16.c5 fxe4 17.cxd6 exf3 18.dxe7 Re8 19.Bb2 Rxe7 20.Rxe5 fxg2 21.h3 Nh5 22.Re4 Qf8
23.Rae1 Qf5 24.Nd1 Bxb2 25.Nxb2 Nf4 26.R4e3 Rf8 27.Nd1 Rf6 28.Kh2 Rfxe6 29.Rxe6 Rxe6
30.Rxe6 Qxe6 31.Qxe6+ Nxe6 32.Kxg2 Kf7 33.Ne3 Nf4+ 34.Kg3 Nd5 35.Nc2 Ke6
36.h4 Ke5 37.f3 b6 38.Kg4 c5 39.bxc5 bxc5 40.Na3 Ne3+ 41.Kg3 a6 42.Nb1 Kd4
43.Kf4 c4 44.Nd2 Nd5+ 45.Kg4 c3 46.Nb3+ Ke3 47.a4 c2 48.a5 Nf4  0-1

[Event "Chigorin CC"]
[Site "St Petersburg RUS"]
[Date "2005.05.25"]
[Round "9"]
[White "Abramov,Valen"]
[Black "Yerastov,A"]
[Result "0-1"]
[WhiteElo "2263"]
[BlackElo "2229"]

1.d4 g6 2.c4 Nf6 3.Nc3 Bg7 4.e4 d6 5.Nf3 O-O 6.Be2 e5 7.O-O Nc6 8.dxe5 dxe5
9.Qxd8 Rxd8 10.Bg5 Re8 11.Nd5 Nxd5 12.cxd5 Nd4 13.Nxd4 exd4 14.f3 Bd7 15.Rac1 Rac8
16.b4 c6 17.dxc6 Bxc6 18.b5 Bd7 19.Rxc8 Rxc8 20.Rc1 Rxc1+ 21.Bxc1 Be6 22.a3 Kf8
23.Kf2 Ke7 24.Bf4 Kd7 25.b6 a6 26.Bxa6 Kc6 27.Bd3 Kxb6 28.Bd6 h5 29.Ke2 Kc6
30.e5 Bd5 31.a4 Kd7 32.g3 g5 33.f4 gxf4 34.gxf4 Bh6 35.Bb8 Kc8 36.Ba7 Bxf4
37.Bxd4 Bxh2 38.a5 Bg3 39.a6 bxa6 40.Bxa6+ Kd7 41.Ke3 Bh2 42.Kf2 Bf4 43.Bb5+ Kc7
44.Be2 h4 45.Bg4 Kc6 46.Kg1 Kb5 47.e6 fxe6 48.Bf2 Bg5 49.Kh2 Bc4 50.Bd4 Kc6
51.Bf3+ Kd6 52.Bg2 e5 53.Bf2 Bd5 54.Bxd5 Kxd5 55.Kh3 Ke4 56.Kg2 Kf4 57.Bb6 Kg4
58.Bc5 Bf4 59.Bb6 Bg3 60.Bc5 h3+ 61.Kh1 Kf3 62.Bb6 e4 63.Bc5 Ke2 64.Bb6 Kf1
65.Be3 Bf2 66.Bf4 Ke2 67.Kh2 Kf3 68.Bd2 Be3 69.Bc3 Bf4+ 70.Kxh3 e3 71.Bb4 Be5
72.Ba5 e2 73.Bb4 Bd4 74.Ba5 Kf2 75.Bb4 Kf1 76.Ba5 Bf2 77.Bb4 Be1 78.Be7 Bd2
79.Bh4 Be3  0-1

[Event "TCh-ROM A"]
[Site "Tusnad ROM"]
[Date "2005.05.25"]
[Round "5"]
[White "Petre,NT"]
[Black "Szabo,G ROM"]
[Result "1/2-1/2"]
[WhiteElo "2383"]
[BlackElo "2434"]

1.d4 Nf6 2.c4 g6 3.Nc3 Bg7 4.e4 d6 5.Be2 O-O 6.Nf3 e5 7.O-O Nc6 8.d5 Ne7
9.Bg5 h6 10.Bxf6 Bxf6 11.b4 Bg7 12.Nd2 f5 13.Bd3 Kh8 14.c5 Ng8 15.Qc2 Rf7
16.Rfc1 f4 17.cxd6 cxd6 18.Nb5 f3 19.Nxf3 Bg4 20.Nd2 a6 21.Nc3 Qg5 22.Nc4 Raf8
23.Rf1 Bh3 24.Ne3 Nf6 25.Kh1 Ng4 26.Nxg4 Bxg2+ 27.Kxg2 Qxg4+ 28.Kh1 Qf3+
29.Kg1 Qg4+  1/2-1/2

[Event "69th ch-BUL"]
[Site "Pleven BUL"]
[Date "2005.05.30"]
[Round "9"]
[White "Iotov,V"]
[Black "Dochev,D"]
[Result "1-0"]
[WhiteElo "2433"]
[BlackElo "2357"]

1.d4 Nf6 2.c4 g6 3.Nc3 Bg7 4.e4 d6 5.Nf3 O-O 6.Be2 e5 7.O-O Nc6 8.d5 Ne7
9.Ne1 Nd7 10.Be3 f5 11.f3 f4 12.Bf2 g5 13.Rc1 Rf6 14.c5 Nxc5 15.b4 Na6 16.Nb5 Bd7
17.Nxa7 Nxb4 18.Qb3 b6 19.Nb5 Bxb5 20.Bxb5 Na6 21.Nd3 Rg6 22.Qc4 Nc5 23.Nxc5 bxc5
24.a4 Kh8 25.Ra1 Qg8 26.Qe2 Qc8 27.a5 c6 28.dxc6 Nxc6 29.a6 Nd4 30.Bxd4 exd4
31.Rab1 Be5 32.Bc4 Rg7 33.Rb6 Rc7 34.Rfb1 Kg7 35.Qd3 h5 36.h3 Kf6 37.Qb3 g4
38.hxg4 hxg4 39.fxg4 Qxg4 40.Rb7 d3 41.Qxd3 Bd4+ 42.Kf1 Qh4 43.Qf3 Rxb7 44.Rxb7 d5
45.Rb6+ Kg5 46.Bxd5 Qh1+ 47.Ke2 Qc1 48.Qd3 Rf8 49.Rb1 f3+ 50.gxf3 Qf4 51.a7 c4
52.Qxd4 Qxf3+ 53.Kd2 c3+ 54.Kc2 Qe2+ 55.Kb3 Qb5+ 56.Qb4  1-0

[Event "14th CRO-Cup"]
[Site "Sibenik CRO"]
[Date "2005.06.02"]
[Round "6"]
[White "Lalic,B"]
[Black "Jankovic,A"]
[Result "1/2-1/2"]
[WhiteElo "2503"]
[BlackElo "2480"]

1.d4 Nf6 2.c4 g6 3.Nc3 Bg7 4.e4 d6 5.Nf3 O-O 6.Be2 e5 7.O-O Nc6 8.d5 Ne7
9.b4 Nh5 10.Re1 f5 11.Ng5 Nf6 12.Bf3 c6 13.Be3 h6 14.Ne6 Bxe6 15.dxe6 fxe4
16.Nxe4 Nxe4 17.Bxe4 d5 18.cxd5 cxd5 19.Bc5 dxe4 20.Qxd8 Rfxd8 21.Bxe7 Re8
22.Bc5 b6 23.Be3 Rxe6  1/2-1/2

[Event "Berman Hillman"]
[Site "Santa Cruz BOL"]
[Date "2005.06.09"]
[Round "4"]
[White "Molina,Jo"]
[Black "Vera,K"]
[Result "1-0"]
[WhiteElo "2226"]
[BlackElo "2270"]

1.Nf3 Nf6 2.c4 g6 3.Nc3 Bg7 4.e4 d6 5.d4 O-O 6.Be2 e5 7.O-O Nc6 8.d5 Ne7
9.Ne1 Ne8 10.Nd3 f5 11.Bd2 f4 12.f3 h5 13.Rc1 g5 14.c5 Rf6 15.cxd6 cxd6 16.Nf2 Rg6
17.h3 Kh8 18.Qb3 Ng8 19.Rc2 Nh6 20.Rfc1 g4 21.hxg4 hxg4 22.fxg4 Nf6 23.Be1 Nfxg4
24.Nxg4 Qg5 25.Nd1 Bxg4 26.Bxg4 Nxg4 27.Rc8+ Rxc8 28.Rxc8+ Kh7 29.Rc2 Ne3
30.Nxe3 fxe3 31.Re2 Bh6 32.Qxb7+ Rg7 33.Qc8 Rf7 34.Qh3 Qg6 35.Rxe3 Rf4 36.Bd2 Rf6
37.Rc3 Qf7 38.Rf3 Rf4 39.Bxf4 exf4 40.Qf5+ Qxf5 41.exf5 Kg7 42.g3 Kf6 43.gxf4 Kxf5
44.Re3 Bxf4 45.Re2 Be5 46.Kf2 Kf4 47.Ke1 Bd4 48.b4 Be3 49.b5 Ke4 50.a4 Kd3
51.Rxe3+  1-0

[Event "TCh-IRI"]
[Site "Tehran IRI"]
[Date "2005.06.09"]
[Round "4"]
[White "Abbasov,F"]
[Black "Petrosian,DG"]
[Result "1-0"]
[WhiteElo "2451"]
[BlackElo "2380"]

1.d4 Nf6 2.c4 g6 3.Nc3 Bg7 4.e4 d6 5.Nf3 O-O 6.Be2 e5 7.O-O Nc6 8.d5 Ne7
9.b4 a5 10.bxa5 c5 11.a4 Rxa5 12.Ra3 Ra6 13.Ne1 Ne8 14.Nd3 f5 15.f4 exf4
16.Nxf4 Bd4+ 17.Kh1 Nf6 18.Nb5 Be5 19.exf5 Bxf5 20.Raf3 Qa5 21.Ne6 Bxe6 22.dxe6 Kg7
23.Bd2 Qd8 24.g4 h6 25.Qc1 Ra8 26.Bc3 Neg8 27.Qe3 Qe7 28.Bd3 Ra7 29.Bc2 Kh8
30.Bxg6 Nxg4 31.Qg1 N8f6 32.Bh7 Qxh7 33.Qxg4 Nxg4 34.Rxf8+ Kg7 35.R8f7+  1-0

[Event "Open"]
[Site "Voronezh RUS"]
[Date "2005.06.12"]
[Round "1"]
[White "Elfert,A"]
[Black "Lukjanenko,A"]
[Result "0-1"]
[WhiteElo "2103"]
[BlackElo "2388"]

1.d4 Nf6 2.c4 g6 3.Nf3 Bg7 4.Nc3 O-O 5.e4 d6 6.Be2 e5 7.O-O Nc6 8.d5 Ne7
9.b4 Nh5 10.g3 f5 11.Bg5 h6 12.Bxe7 Qxe7 13.Nh4 Nf4 14.Bf3 Kh7 15.Rc1 Nh3+
16.Kh1 a5 17.b5 f4 18.Rc2 h5 19.Bxh5 gxh5 20.Qxh5+ Kg8 21.Nf5 Qg5 22.Qxg5 Nxg5
23.gxf4 Bxf5 24.exf5 exf4 25.Kg2 f3+ 26.Kh1 Rxf5 27.h4 Kf7 28.Rg1 Bxc3 29.Rxg5 Rxg5
30.hxg5 Be5 31.c5 dxc5 32.Rxc5 Rh8+ 33.Kg1 Bh2+  0-1

[Event "III Open"]
[Site "Bajada de la Virgen ESP"]
[Date "2005.06.14"]
[Round "3"]
[White "Kohlweyer,B"]
[Black "Camino Carrio,N"]
[Result "1-0"]
[WhiteElo "2429"]
[BlackElo "2102"]

1.c4 Nf6 2.Nf3 g6 3.Nc3 Bg7 4.d4 O-O 5.e4 d6 6.Be2 e5 7.O-O Nc6 8.d5 Ne7
9.b4 a5 10.bxa5 Rxa5 11.Nd2 Nd7 12.Nb3 Ra8 13.a4 f5 14.a5 Kh8 15.Ba3 Nf6
16.Bd3 f4 17.f3 g5 18.Be2 h5 19.c5 g4 20.Nb5 gxf3 21.Bxf3 Ng4 22.Nxc7 Nf5
23.Nxa8 Nfe3 24.Qe2 Qh4 25.h3 Rf6 26.Qe1 Qg5 27.Nb6 Nxg2 28.Kxg2 Ne3+ 29.Kh1 Bxh3
30.Rg1 Bg4 31.Nd2 Rg6 32.Qf2 Qd8 33.Qh2 Kg8 34.c6 Bf6 35.Rac1 bxc6 36.dxc6 Qc7
37.Bb4 Bd8 38.Nd5 Qb8 39.Rb1 Kg7 40.Bc5 Qc8 41.c7 dxc5 42.Rb8 Qa6 43.c8=Q  1-0

[Event "Open"]
[Site "Mielo POL"]
[Date "2005.06.15"]
[Round "6"]
[White "Gajdzica,M"]
[Black "Tokarski,B"]
[Result "1-0"]
[WhiteElo "2044"]
[BlackElo "1969"]

1.d4 Nf6 2.c4 g6 3.Nc3 Bg7 4.e4 d6 5.Nf3 O-O 6.Be2 e5 7.O-O Nc6 8.d5 Ne7
9.b4 Nh5 10.Re1 Nf4 11.Bf1 a5 12.Ba3 axb4 13.Bxb4 f5 14.c5 Kh8 15.cxd6 cxd6
16.Nd2 Rf6 17.g3 Nh5 18.exf5 Qb6 19.Rb1 Bxf5 20.Nde4 Bxe4 21.Nxe4 Rf7 22.Bxd6 Qd8
23.Rxb7 Kg8 24.Qb3 Nf5 25.Rxf7 Kxf7 26.Qb7+ Kg8 27.Bc7 Qc8 28.Qxc8+ Rxc8
29.d6 Nf6 30.Bc4+ Kh8 31.Be6 Ra8 32.d7 Nxd7 33.Bxd7 Nd4 34.Rb1 h6 35.Rb8+ Rxb8
36.Bxb8 Kg8 37.a4  1-0

[Event "Zepter"]
[Site "Valjevo SCG"]
[Date "2005.06.15"]
[Round "2"]
[White "Maksimovic,B"]
[Black "Brkljaca,A"]
[Result "1/2-1/2"]
[WhiteElo "2385"]
[BlackElo "2392"]

1.Nf3 Nf6 2.c4 g6 3.Nc3 Bg7 4.e4 d6 5.d4 O-O 6.Be2 e5 7.O-O Nc6 8.d5 Ne7
9.Nd2 Ne8 10.Rb1 f5 11.b4 Kh8 12.Kh1 Ng8 13.f3 Ngf6 14.c5 f4  1/2-1/2

[Event "Open"]
[Site "Voronezh RUS"]
[Date "2005.06.18"]
[Round "6"]
[White "Lastin,A"]
[Black "Kobylkin,E"]
[Result "1-0"]
[WhiteElo "2590"]
[BlackElo "2418"]

1.d4 Nf6 2.c4 g6 3.Nc3 Bg7 4.e4 O-O 5.Nf3 d6 6.Be2 e5 7.O-O Nc6 8.d5 Ne7
9.Ne1 Nd7 10.Be3 f5 11.f3 f4 12.Bf2 g5 13.Rc1 a6 14.Nd3 Rf6 15.c5 Rh6 16.Na4 Qe8
17.g4 fxg3 18.Bxg3 Ng6 19.Kh1 Nf4 20.Rg1 Nf6 21.cxd6 b5 22.Rxc7 bxa4 23.Re7 Qh5
24.Nxf4 gxf4 25.Bxf4 exf4 26.Rgxg7+ Kh8 27.Qg1 Bd7 28.e5 Bb5 29.exf6 Bxe2
30.Rxe2 Qxf3+ 31.Qg2 Qxg2+ 32.Rexg2 Rxf6 33.d7 Rff8 34.Re7 f3 35.Rgg7 Rf5
36.Rgf7 Rxf7 37.Rxf7 Kg8 38.Re7 f2 39.Kg2  1-0

[Event "Torch Real Estate Cup"]
[Site "Xiapu CHN"]
[Date "2005.06.21"]
[Round "14"]
[White "Huang Qian"]
[Black "Xie Jun"]
[Result "0-1"]
[WhiteElo "2382"]
[BlackElo "2573"]

1.d4 Nf6 2.c4 g6 3.Nc3 Bg7 4.e4 d6 5.Nf3 O-O 6.Be2 e5 7.O-O Nc6 8.Be3 Ng4
9.Bg5 f6 10.Bc1 Kh8 11.dxe5 Ngxe5 12.Be3 f5 13.exf5 Bxf5 14.Qb3 b6 15.Qa4 Bg4
16.Nxe5 Nxe5 17.h3 Bxe2 18.Nxe2 Qh4 19.f4 Nd3 20.Qc2 Nc5 21.Bf2 Qe7 22.Rad1 Rae8
23.Nc3 Qf7 24.b3 Re6 25.b4 Nd7 26.Nb5 Nf6 27.Rde1 Rxe1 28.Rxe1 Nh5 29.g3 g5
30.Nd4 gxf4 31.g4 Be5 32.Nf3 Qg7 33.Nxe5 dxe5 34.Qc3 f3 35.Rxe5 Nf4 36.Bd4 c5
37.bxc5 bxc5 38.Re8 Ne2+  0-1

[Event "White Nights"]
[Site "St Petersburg RUS"]
[Date "2005.06.23"]
[Round "6"]
[White "Rakitskaja,M"]
[Black "Serov,M"]
[Result "1/2-1/2"]
[WhiteElo "2253"]
[BlackElo "2178"]

1.d4 Nf6 2.Nf3 g6 3.c4 Bg7 4.Nc3 O-O 5.e4 d6 6.Be2 e5 7.O-O Nc6 8.d5 Nd7
9.Nd2 a5 10.a3 Ne7 11.Rb1 f5 12.b4 Bh6 13.exf5 Nxf5 14.Nf3 Bxc1 15.Qxc1 Nf6
16.Rd1 Qe7 17.Re1 Kg7 18.Bd3 h6 19.Ne4 Qf7 20.Qc2 axb4 21.axb4 Bd7 22.Ra1 Nxe4
23.Bxe4 Qf6 24.h3 Nd4 25.Nxd4 exd4 26.Bd3 Rfe8 27.Qd2 Rxe1+ 28.Rxe1 Re8 29.Ra1 Qe5
30.Bf1 Bf5 31.Rd1 Ra8 32.Re1 Qf6 33.g4 Bd7 34.Re4 Ra1 35.Kg2 h5 36.Rxd4 hxg4
37.hxg4 Qe5 38.c5 Ra2 39.Qf4 Qxf4 40.Rxf4 Rd2 41.Bc4 Rb2 42.Bd3 Rd2 43.Bc4 Rb2
44.Bf1 Rd2 45.cxd6 cxd6 46.Rc4 Kf6 47.Rc7 Bxg4 48.Rxb7 Rxd5 49.b5 Rd1 50.Rb8 Bh3+
51.Kxh3 Rxf1 52.Kg2 Rb1 53.b6 Ke6 54.f4 Rb3 55.b7 Kd7 56.Rg8  1/2-1/2